000 01285aam a2200373 a 4500
001 001367191
003 AR-BeUNQ
005 20251020145136.0
007 ta
008 160823s2014 ag gr 001 0 spa
015 _aAR-2014
020 _a9789875807037
040 _aAR-BeUNQ
_bspa
_cAR-BaBN
_eaacr
043 _as-ag---
044 _aag
_car-c
082 _221
_a708 MAR
100 1 _aMarchi, Sergio,
_d1963-
_eautor
_4aut
245 1 3 _aEl rock perdido :
_bde los hippies a la cultura chabona .
_cSergio Marchi.
_hLibro.
250 _a1a ed.
260 _aCiudad Autónoma de Buenos Aires :
_bLe Monde Diplomatique
_c2014.
300 _a128 p. ;
_c19 cm.
490 _aLe Monde Diplomatique
650 4 _aRock (Música)
_zArgentina
_xHistoria y crítica
751 _aBuenos Aires
_elugar de publicación
_4pup
929 1 _aDONACION
_bBiblioteca Municipal D F Sarmiento
_c0
_d0
_e2022
_j63577
930 1 _lBNA01
_mLIBRO
_601029410
_820160824
_f11
_s03
_n007
_o001367191
942 _2ddc
_n0
_cLIB
956 _aVFRIAS
_b20
_c20160823
_lBNA01
_h1855
956 _aVFRIAS
_b20
_c20160824
_lBNA01
_h1548
956 _aVFRIAS
_b20
_c20160824
_lBNA01
_h1549
956 _aBATCH-UPD
_b20
_c20170817
_lBNA01
_h1908
956 _aPLEMOS
_b20
_c20190315
_lBNA01
_h0840
999 _c1400
_d1400